Welcome to the Holygrace Academy Library

Please use search bar below to get started

PANCHATANTRA - II (Record no. 7385)

MARC details
000 -LEADER
fixed length control field 00261nam a22001217a 4500
082 ## - DEWEY DECIMAL CLASSIFICATION NUMBER
Classification number 823
Item number RAJ/P
100 ## - MAIN ENTRY--AUTHOR NAME
Personal name RAJA, SUNDARA R
245 ## - TITLE STATEMENT
Title PANCHATANTRA - II
260 ## - PUBLICATION, DISTRIBUTION, ETC. (IMPRINT)
Place of publication MADRAS
Name of publisher CHILDREN'S WORLD
300 ## - PHYSICAL DESCRIPTION
Number of Pages 8
650 ## - SUBJECT ADDED ENTRY--TOPICAL TERM
Topical Term ENGLISH STORY
Geographic subdivision INDIA
942 ## - ADDED ENTRY ELEMENTS (KOHA)
Koha item type Books
Holdings
Withdrawn status Lost status Collection code Home library Current library Date acquired Source of acquisition Cost, normal purchase price Full call number Accession Number Koha item type
Withdrawn Damaged Item Fiction Main Library Main Library 16/03/2002 purchase 5.00 823 RAJ/P 00417 Books